000 00717nam a22002297i 4500
999 _c23531
_d23531
003 AR-CdUCM
008 260226b20242024 pe||||| |||| 00| 0 spa d
020 _a978-612-49798-0-4
040 _aMUNICIPALIDAD PROVINCIAL DEL CUSCO
_cBIBLIOTECA MUNICIPAL DEL CUSCO
041 _hspa
082 _aEP / 803.08
_bC547
100 _aChezzi, Claudia
_952350
245 _aDivetijuegos para toda la familia /
260 _aLima :
_bLuz Azul Grafica Graf
_c2024
300 _a48 páginas. :
_c28x21 cm.
_e2024
505 _aCultura Paracas -- Cultura Chimu -- Cultura Wari
650 _aCerámica
_927657
650 _aEscultura
_913152
650 _aObelisco
_952351
942 _2ddc
_cLIBROS
945 _apbjr
_d26-02-2026